000 00525nam a2200169Ia 4500
003 GCL
008 140319s9999 xx 000 0 ara d
040 _aGCL /
_cGCL
082 0 4 _a025.2
_bش ت
100 1 _aشعبان عبدالعزيز خليفة
245 1 0 _aتزويد المكتبات بالمطبوعات /
_cشعبان عبدالعزيز خليفة
490 _a
650 0 4 _aالخدمة المكتبية
650 0 4 _aالكتب - اختيار
650 0 4 _aالتزويد ( مكتبات )
942 _2ddc
_cBK
999 _c39674
_d39674